Reglamento de la Residencia Universitaria de Estudiantes Ramon Llull
Descripción Física:
24 p. ; 16 cm
MARC
| LEADER | 00000nam a2200000Ia 4500 | ||
|---|---|---|---|
| 001 | 11802 | ||
| 008 | 160829s1951 xx 000 0 cat d | ||
| 080 | |a FU-3-35 | ||
| 100 | |a Residència Universitària Ramon Llull (Barcelona) | ||
| 245 | |a Reglamento de la Residencia Universitaria de Estudiantes Ramon Llull | ||
| 260 | |a Barcelona : |b Diputación Provincial de Barcelona, |c 1951 | ||
| 300 | |a 24 p. ; |c 16 cm | ||
| 590 | |a Hi ha un altre exemplar a 4203, exp. 169 | ||
| 650 | |a Residència Universitària Ramon Llull (Barcelona) |x Reglaments i procediment |9 26493 | ||
| 856 | 4 | |u https://media.diba.cat/diba/fitxers/arxiu/fulletons/bib_11802_baixa.pdf |y Accés lliure | |
| 856 | 4 | |u https://media.diba.cat/diba/fitxers/arxiu/fulletons/bib_11802_baixa.pdf |y Accés lliure | |
| 901 | |a Arxiu | ||
| 942 | |n 1 |2 udc | ||
| 952 | |0 0 |1 0 |4 0 |6 FU335 |7 1 |9 54175 |a Arxiu |b Arxiu |d 2016-12-01 |l 0 |o FU-3-35 |p 11802 |r 2016-12-01 00:00:00 |w 2016-12-01 |y ARXIU | ||
| 999 | |c 58044 |d 58044 | ||
| 900 | |a bib_11802_baixa.pdf | ||